Angels are for real : (Record no. 45172)

MARC details
000 -LEADER
fixed length control field 00800nam a22001817a 4500
008 - FIXED-LENGTH DATA ELEMENTS--GENERAL INFORMATION
fixed length control field 150921b xxu||||| |||| 00| 0 eng d
020 ## - INTERNATIONAL STANDARD BOOK NUMBER
International Standard Book Number 9780800795153 (pbk. : alk. paper)
050 ## - LIBRARY OF CONGRESS CALL NUMBER
Classification number BT966.3
Item number .M33 2012
100 ## - MAIN ENTRY--PERSONAL NAME
Personal name MacNutt, Judith.
245 ## - TITLE STATEMENT
Title Angels are for real :
Remainder of title inspiring, true stories and biblical answers /
Statement of responsibility, etc Judith MacNutt.
260 ## - PUBLICATION, DISTRIBUTION, ETC. (IMPRINT)
Place of publication, distribution, etc Minneapolis, Minn. :
Name of publisher, distributor, etc Chosen,
Date of publication, distribution, etc 2012.
300 ## - PHYSICAL DESCRIPTION
Extent 207 p. ;
Dimensions 22 cm.
500 ## - GENERAL NOTE
General note Includes bibliographical references (p. 206-207).<br/>
505 ## - FORMATTED CONTENTS NOTE
Formatted contents note A gift from my father -- What is an angel? -- How angels appear -- Angels in the kingdom of God -- Classification of angels -- Guardian angels -- Angels and healing -- Unholy fallen angels -- The veil is thin.<br/>
521 ## - TARGET AUDIENCE NOTE
Target audience note <br/>
650 ## - SUBJECT ADDED ENTRY--TOPICAL TERM
Topical term or geographic name as entry element Angels.
942 ## - ADDED ENTRY ELEMENTS (KOHA)
Source of classification or shelving scheme Library of Congress Classification
Item type Book
Holdings
Withdrawn status Lost status Source of classification or shelving scheme Damaged status Not for loan Collection code Home library Current library Shelving location Date acquired Source of acquisition Cost, normal purchase price Total Checkouts Full call number Barcode Date last borrowed Copy number Price effective from Koha item type
    Library of Congress Classification     Non-fiction Bishop Okullu Memorial Library (Limuru Campus) Bishop Okullu Memorial Library (Limuru Campus) General Circulation 21/09/2015 Donation 1016.00 1 BT966.3 .M33 2012 044390 03/10/2017 1 21/09/2015 Book